Konsep iman dan peranannya dalam pembentukan peribadi Muslim : satu kajian yang kritikal terhadap beberapa hadith Imam Muslim mengenai iman /
Saved in:
| Main Author: | |
|---|---|
| Format: | Thesis Book |
| Language: | English |
| Published: |
1988.
|
| Subjects: | |
| Tags: |
Add Tag
No Tags, Be the first to tag this record!
|
| LEADER | 01221cam a2200301 a 4500 | ||
|---|---|---|---|
| 001 | u92178 | ||
| 003 | SIRSI | ||
| 008 | 910805s1988 my at 00 1 eng m | ||
| 035 | |a AAK-0589 | ||
| 040 | |a UMM | ||
| 043 | |a a-my--- | ||
| 090 | |a BP135 |b A148Lukt | ||
| 091 | |a Microfilm 2623 | ||
| 100 | 0 | 0 | |a Lukman Thaib. |
| 245 | 1 | 0 | |a Konsep iman dan peranannya dalam pembentukan peribadi Muslim : |b satu kajian yang kritikal terhadap beberapa hadith Imam Muslim mengenai iman / |c oleh Lukman B. Thaib. |
| 260 | 1 | |c 1988. | |
| 300 | |a xx, 361 leaves ; |c 27 cm. | ||
| 500 | |a Also available on microfilm. Kuala Lumpur : Perpustakaan Universiti Malaya, 1990. 1 reel : negative ; 35 mm. | ||
| 500 | |a Refer Microfilm 2622 | ||
| 502 | |a Dissertation (M.A.) -- Jabatan Pengajian Islam, Universiti Malaya, 1988. | ||
| 504 | |a Bibliography : leaves 350-361. | ||
| 600 | 0 | 0 | |a Muslim ibn al-Hajjaj al-Qushayri, |d approximately 821-875 |
| 650 | 0 | |a Faith (Islam) | |
| 650 | 0 | |a Hadith |x Criticism, interpretation, etc. | |
| 710 | 2 | 0 | |a Universiti Malaya. |b Jabatan Pengajian Islam. |
| 948 | |a 05/08/1991 |b 11/03/2004 | ||
| 596 | |a 1 | ||
| 999 | |a BP135 A148LUKT |w LC |c 1 |i A505807612 |d 26/10/2021 |e 26/10/2021 |l STACKS |m P01UTAMA |n 44 |r Y |s Y |t TESIS |u 14/10/1991 | ||
